[Event "Hamar CC-ch A"]
[Site "Hamar"]
[Date "2012.03.15"]
[Round "6"]
[White "Nilsen, Thomas"]
[Black "Kristiansen, Reidar"]
[Result "1-0"]
[WhiteElo "1554"]
[BlackElo "1082"]
[PlyCount "36"]
[EventDate "2012.01.05"]
[EventType "swiss"]
[EventRounds "9"]
[EventCountry "NOR"]
[SourceTitle "EXT 2024"]
[Source "ChessBase"]
[SourceDate "2023.10.10"]
[SourceVersion "1"]
[SourceVersionDate "2023.10.10"]
[SourceQuality "1"]

1. d4 Nf6 2. Nf3 d6 3. c4 e6 4. Nc3 Be7 5. e4 b6 6. Bd3 Nc6 7. 0-0 Bb7 8. a3 h6 9. b4 Qd7 10. Bb2 e5 11. dxe5 dxe5 12. Nd5 Nxd5 13. exd5 Nd8 14. Nxe5 Qd6 15. Bd4 0-0 16. Re1 Bf6 17. Bc2 Rc8 18. Qd3 g6 1-0

[Event "Hamar op A"]
[Site "Hamar"]
[Date "2011.09.15"]
[Round "2"]
[White "Stai, Sondre"]
[Black "Kristiansen, Reidar"]
[Result "1-0"]
[WhiteElo "894"]
[BlackElo "1089"]
[PlyCount "69"]
[EventDate "2011.09.01"]
[EventType "swiss"]
[EventRounds "7"]
[EventCountry "NOR"]
[SourceTitle "EXT 2024"]
[Source "ChessBase"]
[SourceDate "2023.10.10"]
[SourceVersion "1"]
[SourceVersionDate "2023.10.10"]
[SourceQuality "1"]

1. d4 d5 2. Nf3 Nc6 3. Bf4 Nf6 4. Nbd2 e6 5. e3 Be7 6. Be2 0-0 7. 0-0 Nh5 8. Bg3 Nxg3 9. fxg3 Bf6 10. b3 Ne7 11. c4 c5 12. Qc2 Nf5 13. Qc3 cxd4 14. exd4 dxc4 15. Rae1 Nxd4 16. Qxc4 b5 17. Qd3 Bb7 18. Kh1 Qd5 19. Rf2 Rfd8 20. Bf1 Qh5 21. Ne4 Nf5 22. Nxf6+ gxf6 23. Qxb5 Nxg3+ 24. Kg1 Qxb5 25. Bxb5 Nf5 26. Nd2 Nd4 27. Bc4 e5 28. Rxf6 Rd7 29. Rxe5 Kg7 30. Rf4 Rad8 31. Rg5+ Kf8 32. Kf2 Nc6 33. Ne4 Nb4 34. Nc5 Rc7 35. Ne6+ 1-0

[Event "Hamar op A"]
[Site "Hamar"]
[Date "2011.09.08"]
[Round "1"]
[White "Kristiansen, Reidar"]
[Black "Holm, Ragnar"]
[Result "0-1"]
[WhiteElo "1089"]
[BlackElo "2055"]
[PlyCount "38"]
[EventDate "2011.09.01"]
[EventType "swiss"]
[EventRounds "7"]
[EventCountry "NOR"]
[SourceTitle "EXT 2024"]
[Source "ChessBase"]
[SourceDate "2023.10.10"]
[SourceVersion "1"]
[SourceVersionDate "2023.10.10"]
[SourceQuality "1"]

1. d4 Nf6 2. Nf3 c5 3. e3 g6 4. Be2 Bg7 5. 0-0 0-0 6. Nc3 b6 7. h3 Bb7 8. Nh2 d5 9. Bf3 e6 10. Re1 Nc6 11. a3 Qe7 12. Rb1 Rfd8 13. Ne2 Ne4 14. Bxe4 dxe4 15. c3 e5 16. d5 Na5 17. c4 Nxc4 18. Nc3 Bxd5 19. Nxd5 Qb7 0-1

[Event "Hedmark & Oppland Region-ch"]
[Site "Hamar"]
[Date "2011.04.03"]
[Round "4"]
[White "Kristiansen, Reidar"]
[Black "Lensebakken, Jonar"]
[Result "0-1"]
[WhiteElo "1094"]
[BlackElo "1152"]
[PlyCount "98"]
[EventDate "2011.04.02"]
[EventType "swiss"]
[EventRounds "5"]
[EventCountry "NOR"]
[SourceTitle "EXT 2024"]
[Source "ChessBase"]
[SourceDate "2023.10.10"]
[SourceVersion "1"]
[SourceVersionDate "2023.10.10"]
[SourceQuality "1"]

1. d4 Nf6 2. c4 c5 3. e3 cxd4 4. exd4 b6 5. Nf3 d6 6. Nc3 g6 7. Be2 Bg7 8. 0-0 0-0 9. h3 Na6 10. a3 Bb7 11. d5 Nc5 12. Qc2 Re8 13. b4 Ncd7 14. Rd1 Ba6 15. Nd4 Ne5 16. Ncb5 Qc8 17. f4 Ned7 18. Rb1 Bb7 19. Bd3 a6 20. Nc3 e5 21. Nb3 exf4 22. Bxf4 Ne5 23. Bxe5 Rxe5 24. Re1 Nh5 25. Qf2 Rxe1+ 26. Rxe1 Bxc3 27. Re7 Bf6 28. Re4 Qd8 29. Be2 Ng7 30. Nd2 Bc8 31. g4 Ra7 32. Nf3 Re7 33. Rf4 Be5 34. Nxe5 dxe5 35. Rf6 Rb7 36. Rc6 Bd7 37. Rf6 Ba4 38. c5 bxc5 39. Bxa6 Ra7 40. Bc4 Ne8 41. Rf3 Nd6 42. Qxc5 Rc7 43. Qa5 Nxc4 44. Qxa4 Qxd5 45. Qb3 Rd7 46. Kg2 e4 47. Rc3 e3+ 48. Kg3 Qd6+ 49. Kf3 Nd2+ 0-1

[Event "Hamar CC-ch"]
[Site "Hamar"]
[Date "2010.04.08"]
[Round "7"]
[White "Kittilsen, Sigurd"]
[Black "Kristiansen, Reidar"]
[Result "1-0"]
[WhiteElo "1128"]
[BlackElo "1191"]
[PlyCount "45"]
[EventDate "2010.01.07"]
[EventType "swiss"]
[EventRounds "9"]
[EventCountry "NOR"]
[SourceTitle "EXT 2024"]
[Source "ChessBase"]
[SourceDate "2023.10.10"]
[SourceVersion "1"]
[SourceVersionDate "2023.10.10"]
[SourceQuality "1"]

1. e4 c5 2. Nf3 Nc6 3. c3 Nf6 4. e5 Ng4 5. d4 cxd4 6. cxd4 d6 7. h3 Nh6 8. Bxh6 gxh6 9. Nc3 Bg7 10. Bb5 Bd7 11. exd6 exd6 12. Qe2+ Qe7 13. Qxe7+ Nxe7 14. Bxd7+ Kxd7 15. 0-0 a6 16. Na4 Rad8 17. Rae1 Nc8 18. Nh4 b5 19. Nf5 Bf6 20. Nc3 Ne7 21. Nxe7 Bxe7 22. Nd5 Rc8 23. Nb6+ 1-0

[Event "Hamar op"]
[Site "Hamar"]
[Date "2009.11.26"]
[Round "6"]
[White "Woldstad, Trym"]
[Black "Kristiansen, Reidar"]
[Result "1-0"]
[WhiteElo "1174"]
[BlackElo "1211"]
[PlyCount "51"]
[EventDate "2009.09.03"]
[EventType "swiss"]
[EventRounds "7"]
[EventCountry "NOR"]
[SourceTitle "EXT 2024"]
[Source "ChessBase"]
[SourceDate "2023.10.10"]
[SourceVersion "1"]
[SourceVersionDate "2023.10.10"]
[SourceQuality "1"]

1. d4 d5 2. c4 e6 3. Nc3 Nc6 4. Nf3 Nf6 5. Bg5 Be7 6. e3 h6 7. Bh4 0-0 8. Bd3 a6 9. a3 dxc4 10. Bxc4 b5 11. Bd3 Bb7 12. 0-0 b4 13. Ne2 Qd7 14. Qc2 bxa3 15. bxa3 Rad8 16. Rfc1 Qe8 17. Bg3 Bd6 18. Rab1 Rb8 19. Bxd6 cxd6 20. Rxb7 Rxb7 21. Qxc6 Qb8 22. Ng3 Rb6 23. Qa4 Qb7 24. Nd2 Rd8 25. Nc4 Rb3 26. Na5 1-0

[Event "Hamar op"]
[Site "Hamar"]
[Date "2009.11.05"]
[Round "5"]
[White "Brobakken, Sindre"]
[Black "Kristiansen, Reidar"]
[Result "0-1"]
[WhiteElo "980"]
[BlackElo "1211"]
[PlyCount "66"]
[EventDate "2009.09.03"]
[EventType "swiss"]
[EventRounds "7"]
[EventCountry "NOR"]
[SourceTitle "EXT 2024"]
[Source "ChessBase"]
[SourceDate "2023.10.10"]
[SourceVersion "1"]
[SourceVersionDate "2023.10.10"]
[SourceQuality "1"]

1. Nf3 d5 2. d3 Nc6 3. Nbd2 e5 4. e4 dxe4 5. dxe4 Nf6 6. g3 Bg4 7. c3 Nxe4 8. Bg2 Qd3 9. Nxe5 Nxe5 10. Qa4+ c6 11. Qxe4 Qxe4+ 12. Nxe4 0-0-0 13. 0-0 Be7 14. a4 f5 15. Nd2 Nd3 16. Nc4 Be2 17. Be3 Bxf1 18. Kxf1 g5 19. Bxa7 Bc5 20. Bxc5 Nxc5 21. b4 Ne4 22. Ra3 Rd1+ 23. Ke2 Rhd8 24. Bxe4 fxe4 25. a5 Rh1 26. Ke3 Rxh2 27. Kxe4 Rxf2 28. a6 bxa6 29. Rxa6 Re8+ 30. Kd4 Rd8+ 31. Kc5 Rf5+ 32. Kxc6 Rf6+ 33. Kb5 Rd5+ 0-1

[Event "Hamar CC-ch"]
[Site "Hamar"]
[Date "2009.03.19"]
[Round "6"]
[White "Woldstad, Trym"]
[Black "Kristiansen, Reidar"]
[Result "1-0"]
[WhiteElo "1145"]
[BlackElo "1211"]
[PlyCount "109"]
[EventDate "2009.01.08"]
[EventType "swiss"]
[EventRounds "9"]
[EventCountry "NOR"]
[SourceTitle "EXT 2024"]
[Source "ChessBase"]
[SourceDate "2023.10.10"]
[SourceVersion "1"]
[SourceVersionDate "2023.10.10"]
[SourceQuality "1"]

1. d4 e6 2. c4 Nf6 3. Nf3 Be7 4. Bg5 0-0 5. Nc3 h6 6. Bh4 c6 7. e3 d5 8. Bd3 dxc4 9. Bxc4 Nbd7 10. 0-0 b5 11. Bd3 Bb7 12. Rc1 Rc8 13. Bg3 a6 14. Ne4 c5 15. Nd6 Bxd6 16. Bxd6 Re8 17. dxc5 e5 18. Bf5 g6 19. Bh3 Ne4 20. Bxd7 Qxd7 21. Nxe5 Qe6 22. Qg4 Nxd6 23. Qxe6 Rxe6 24. cxd6 Rxe5 25. d7 Rd8 26. Rc7 Re7 27. Rxb7 Rexd7 28. Rxd7 Rxd7 29. Rb1 f5 30. Kf1 Kf7 31. Ke2 Ke6 32. Rc1 Rd6 33. Rc7 Kf6 34. b3 h5 35. a4 bxa4 36. bxa4 g5 37. f4 gxf4 38. exf4 Rd4 39. Rc6+ Ke7 40. Rxa6 Rxf4 41. Ra7+ Kf6 42. a5 Ra4 43. a6 Ra2+ 44. Kd3 Rxg2 45. Ra8 Ke7 46. a7 Ra2 47. Rh8 Rxa7 48. Rh7+ Kf6 49. Rxa7 Kg5 50. Ra4 f4 51. Ke2 Kg4 52. Kf2 h4 53. Kg2 h3+ 54. Kf2 Kf5 55. Kf3 1-0

[Event "Hamar CC-ch"]
[Site "Hamar"]
[Date "2009.02.19"]
[Round "4"]
[White "Kristiansen, Reidar"]
[Black "Rodvik, Trym Daniel"]
[Result "0-1"]
[WhiteElo "1211"]
[BlackElo "1284"]
[PlyCount "28"]
[EventDate "2009.01.08"]
[EventType "swiss"]
[EventRounds "9"]
[EventCountry "NOR"]
[SourceTitle "EXT 2024"]
[Source "ChessBase"]
[SourceDate "2023.10.10"]
[SourceVersion "1"]
[SourceVersionDate "2023.10.10"]
[SourceQuality "1"]

1. e4 Nf6 2. e5 Nd5 3. Nf3 d6 4. d4 dxe5 5. dxe5 Bg4 6. c4 Nb4 7. Qxd8+ Kxd8 8. Nd4 c5 9. a3 cxd4 10. axb4 Nc6 11. h3 Nxb4 12. Na3 Bf5 13. Bd2 e6 14. 0-0-0 Na2# 0-1

[Event "Hamar CC-ch"]
[Site "Hamar"]
[Date "2008.04.03"]
[Round "7"]
[White "Saxrud, Ole Henrik"]
[Black "Kristiansen, Reidar"]
[Result "1/2-1/2"]
[WhiteElo "890"]
[BlackElo "1202"]
[PlyCount "105"]
[EventDate "2008.01.03"]
[EventType "swiss"]
[EventRounds "9"]
[EventCountry "NOR"]
[SourceTitle "EXT 2024"]
[Source "ChessBase"]
[SourceDate "2023.10.10"]
[SourceVersion "1"]
[SourceVersionDate "2023.10.10"]
[SourceQuality "1"]

1. d4 Nf6 2. Bg5 d6 3. c3 Nbd7 4. h4 h6 5. Bxf6 Nxf6 6. Nf3 Bf5 7. d5 c6 8. Nd4 Bxb1 9. dxc6 Be4 10. cxb7 Bxb7 11. Qa4+ Qd7 12. Qxd7+ Nxd7 13. e3 a6 14. b4 e5 15. Nf3 Be7 16. 0-0-0 Rc8 17. Kb2 0-0 18. Ne1 Nb6 19. f3 Na4+ 20. Kb3 Nxc3 21. Rc1 Nd5 22. Rxc8 Rxc8 23. Bd3 Nxe3 24. Kb2 d5 25. Rh3 Bxb4 26. Be4 dxe4 27. fxe4 Nd1+ 28. Kb3 Bxe1 29. Rd3 Rc3+ 30. Rxc3 Nxc3 31. h5 Nxe4 32. a4 Bd5+ 33. Kc2 Nc5 34. a5 e4 35. Kd1 Bf2 36. g4 e3 37. Ke2 Be6 38. g5 Bg4+ 39. Kf1 Nd3 40. g6 e2+ 41. Kg2 e1N+ 42. Kh2 Nf3+ 43. Kh1 Nh4 44. gxf7+ Kf8 45. Kh2 Nf4 46. Kh1 Bf3+ 47. Kh2 Ne2 48. Kh3 Ng1+ 49. Kh2 Bg4 50. Kh1 Bh3 51. Kh2 Bg4 52. Kh1 Bf3+ 53. Kh2 1/2-1/2

[Event "Hamar CC-ch"]
[Site "Hamar"]
[Date "2008.03.27"]
[Round "6"]
[White "Kristiansen, Reidar"]
[Black "Brobakken, Sindre"]
[Result "1-0"]
[WhiteElo "1202"]
[BlackElo "783"]
[PlyCount "65"]
[EventDate "2008.01.03"]
[EventType "swiss"]
[EventRounds "9"]
[EventCountry "NOR"]
[SourceTitle "EXT 2024"]
[Source "ChessBase"]
[SourceDate "2023.10.10"]
[SourceVersion "1"]
[SourceVersionDate "2023.10.10"]
[SourceQuality "1"]

1. e4 d5 2. exd5 Qxd5 3. Nc3 Qa5 4. Nf3 Nf6 5. Bc4 Bg4 6. 0-0 e6 7. d4 c6 8. Bd2 Qc7 9. h3 Bh5 10. Be2 Bg6 11. Ne5 Nbd7 12. Bf4 Nxe5 13. Bxe5 Qd8 14. Bf3 Bd6 15. Bxd6 Qxd6 16. Re1 0-0-0 17. Ne2 Nd5 18. c3 h5 19. Ng3 h4 20. Ne4 Bxe4 21. Bxe4 f5 22. Bf3 g5 23. Re5 Ne7 24. Qb3 Rh6 25. Rae1 Nd5 26. c4 Nf4 27. Rd1 Rg8 28. c5 Qd7 29. Rxf5 Rgg6 30. Rf8+ Kc7 31. Qe3 Qe7 32. Qe5+ Kd7 33. Qb8 1-0

[Event "Hamar op"]
[Site "Hamar"]
[Date "2007.09.20"]
[Round "2"]
[White "Brobakken, Geir"]
[Black "Kristiansen, Reidar"]
[Result "0-1"]
[WhiteElo "1704"]
[BlackElo "1207"]
[PlyCount "56"]
[EventDate "2007.09.06"]
[EventType "swiss"]
[EventRounds "7"]
[EventCountry "NOR"]
[SourceTitle "EXT 2024"]
[Source "ChessBase"]
[SourceDate "2023.10.10"]
[SourceVersion "1"]
[SourceVersionDate "2023.10.10"]
[SourceQuality "1"]

1. e4 c5 2. b3 Nc6 3. Bb2 e6 4. Bb5 Qb6 5. Nc3 Be7 6. Bxc6 Qxc6 7. Nf3 Nf6 8. d3 d6 9. 0-0 0-0 10. Ne1 e5 11. Ne2 Bg4 12. f3 Bd7 13. c3 d5 14. c4 d4 15. f4 Ng4 16. Bc1 Qh6 17. h3 Ne3 18. Bxe3 dxe3 19. fxe5 f5 20. Nf3 f4 21. d4 Qg6 22. Kh1 cxd4 23. Nexd4 Qxe4 24. Ne2 Bc6 25. Nc3 Qg6 26. Nd5 Bxd5 27. cxd5 Rac8 28. Qe2 Rc2 0-1

[Event "Hamar CC-ch"]
[Site "Hamar"]
[Date "2007.02.01"]
[Round "3"]
[White "Hoel, Ole"]
[Black "Kristiansen, Reidar"]
[Result "1-0"]
[WhiteElo "1729"]
[BlackElo "1254"]
[PlyCount "53"]
[EventDate "2007.01.04"]
[EventType "swiss"]
[EventRounds "9"]
[EventCountry "NOR"]
[SourceTitle "EXT 2024"]
[Source "ChessBase"]
[SourceDate "2023.10.10"]
[SourceVersion "1"]
[SourceVersionDate "2023.10.10"]
[SourceQuality "1"]

1. e4 c5 2. Nf3 Nc6 3. Bb5 e6 4. 0-0 a6 5. Bxc6 dxc6 6. b4 cxb4 7. a3 Nf6 8. Re1 e5 9. Bb2 Bg4 10. Bxe5 Nd7 11. Bb2 f6 12. d4 Be7 13. Qd3 0-0 14. axb4 Kh8 15. c3 c5 16. b5 Nb6 17. Nbd2 Qc7 18. bxa6 c4 19. Qe3 Rfe8 20. a7 Bf8 21. Ra5 Rad8 22. h3 Nd5 23. Rxd5 Rxd5 24. exd5 Rxe3 25. a8Q Rxe1+ 26. Nxe1 Bc8 27. Ne4 1-0